[Event "Guernsey Open"]
[Site "Guernsey"]
[Date "2010.10.23"]
[Round "7"]
[White "Prins, Jan"]
[Black "Bakker, Joop PA"]
[Result "1/2-1/2"]
[WhiteElo "2061"]
[BlackElo "2019"]
[PlyCount "149"]
[EventDate "2010.10.17"]
[SourceDate "2010.10.30"]

1. d4 d6 2. c4 f5 3. g3 Nf6 4. Bg2 g6 5. Nc3 Bg7 6. Nh3 O-O 7. Qb3 c6 8. Bf4
Qb6 9. O-O-O Qxb3 10. axb3 Ne4 11. f3 Nxc3 12. bxc3 e5 13. Bg5 Re8 14. dxe5
dxe5 15. Rd6 Na6 16. Rhd1 Bf8 17. Rd8 Be6 18. Rxa8 Rxa8 19. Bf6 Nc5 20. Kc2 Nd7
21. Ng5 Nxf6 22. Nxe6 Be7 23. Ng5 h6 24. Nh3 Rd8 25. Rxd8+ Bxd8 26. Nf2 Kf7 27.
Kd3 Bb6 28. Nd1 Bg1 29. h3 Nh5 30. b4 Nxg3 31. Nb2 Nh5 32. e3 f4 33. e4 Bb6 34.
c5 Bc7 35. c4 Ng7 36. Na4 Ne6 37. b5 Ba5 38. h4 Bb4 39. Bh3 Be1 40. h5 gxh5 41.
Bxe6+ Kxe6 42. Ke2 Bb4 43. Kf2 Kf6 44. Kg2 Kg5 45. Kh3 Ba3 46. Kg2 Kh4 47. Kh2
{(=)} Bc1 48. Kg2 Be3 49. Kh2 Bd4 50. Kg2 Be3 51. Kh2 Bf2 52. Kg2 Bg3 53. Nb2
Be1 54. Na4 Kg5 55. Kh3 Kf6 56. Kg2 Ke6 57. Kh3 Kd7 58. Kg2 cxb5 59. cxb5 a6
60. c6+ bxc6 61. Nc5+ Kc7 62. bxa6 Kb6 63. Nd7+ Kxa6 64. Nxe5 Kb5 65. Ng6 Bd2
66. e5 Kc5 67. e6 Kd6 68. e7 Kd7 69. Ne5+ Kxe7 70. Nxc6+ Ke6 71. Nd4+ Kd5 72.
Nf5 Ke6 73. Nd4+ Ke5 74. Ne2 Kd5 75. Nxf4+ 1/2-1/2

[Event "Guernsey Open"]
[Site "Guernsey"]
[Date "2010.10.23"]
[Round "7"]
[White "Morcom, Huw"]
[Black "Kirby, Peter"]
[Result "1/2-1/2"]
[WhiteElo "1950"]
[BlackElo "2031"]
[PlyCount "53"]
[EventDate "2010.10.17"]
[SourceDate "2010.10.30"]

1. e4 c5 2. Nf3 Nc6 3. Bb5 g6 4. O-O Bg7 5. c3 Nf6 6. Re1 O-O 7. h3 e5 8. d3
Ne8 9. Nbd2 Nc7 10. Ba4 d6 11. Nf1 h6 12. a3 b5 13. Bb3 a5 14. Be3 Be6 15. Bc2
Qd7 16. d4 cxd4 17. cxd4 exd4 18. Nxd4 Ne5 19. Nxe6 Nxe6 20. Nd2 Rac8 21. f4
Nc4 22. Nxc4 bxc4 23. f5 Nc5 24. Qd5 g5 25. Bd4 Bxd4+ 26. Qxd4 Nb3 27. Bxb3
1/2-1/2

[Event "Guernsey Open"]
[Site "Guernsey"]
[Date "2010.10.23"]
[Round "7"]
[White "Rowe, Peter"]
[Black "Gravett, Alan D"]
[Result "1/2-1/2"]
[WhiteElo "2012"]
[BlackElo "1913"]
[PlyCount "47"]
[EventDate "2010.10.17"]
[SourceDate "2010.10.30"]

1. d4 Nf6 2. Nf3 c5 3. e3 d5 4. c3 e6 5. Nbd2 Bd6 6. Bd3 O-O 7. O-O Nbd7 8. e4
cxd4 9. cxd4 dxe4 10. Nxe4 Nxe4 11. Bxe4 Nf6 12. Bc2 h6 13. Bd2 b6 14. Re1 Bb7
15. Ne5 Bxe5 16. dxe5 Qd5 17. f3 Qd4+ 18. Be3 Qxd1 19. Raxd1 Nd5 20. Bc1 Nb4
21. Bb3 Bd5 22. Bxd5 Nxd5 23. b3 Rfc8 24. Rd2 1/2-1/2

[Event "Guernsey Open"]
[Site "Guernsey"]
[Date "2010.10.23"]
[Round "7"]
[White "Goris Schouwstra, Adry"]
[Black "Von Saldern, Ruediger"]
[Result "1/2-1/2"]
[WhiteElo "1911"]
[BlackElo "2012"]
[PlyCount "66"]
[EventDate "2010.10.17"]
[SourceDate "2010.10.30"]

1. d4 d5 2. Nf3 Nf6 3. e3 e6 4. Be2 Be7 5. O-O O-O 6. c4 Nbd7 7. Nc3 c6 8. b3
Qc7 9. Bb2 e5 10. dxe5 Nxe5 11. cxd5 Rd8 12. e4 Bb4 13. Qd4 Bd6 14. h3 a6 15.
Rfd1 b5 16. Qe3 Ng6 17. dxc6 Re8 18. Qd4 Bf4 19. Bf1 Qxc6 20. Nd5 Bb7 21. Nxf6+
gxf6 22. Qxf6 Qxf6 23. Bxf6 Bxe4 24. Ne1 Re6 25. Bb2 Rae8 26. Nd3 Bd6 27. Bd4
Nf4 28. Nxf4 Bxf4 29. Bc5 Rc8 30. b4 Rce8 31. g3 Bg5 32. Bg2 Bf6 33. Bd4 Bc2
1/2-1/2

[Event "Guernsey Open"]
[Site "Guernsey"]
[Date "2010.10.23"]
[Round "7"]
[White "Forbes, Garry"]
[Black "Chidi, Lovinia"]
[Result "1/2-1/2"]
[WhiteElo "1922"]
[BlackElo "1801"]
[PlyCount "45"]
[EventDate "2010.10.17"]
[SourceDate "2010.10.30"]

1. d4 d5 2. Nf3 Nf6 3. e3 e6 4. Bd3 c5 5. b3 Nc6 6. O-O Bd6 7. Bb2 cxd4 8. exd4
O-O 9. Re1 Bd7 10. a3 Rc8 11. Nbd2 Ng4 12. Ne5 Ngxe5 13. dxe5 Be7 14. Qh5 g6
15. Qh3 f6 16. f4 fxe5 17. fxe5 Bc5+ 18. Kh1 Bf2 19. Rf1 Bd4 20. Bxd4 Nxd4 21.
c4 Qe7 22. b4 Qg5 23. Rad1 1/2-1/2

[Event "Guernsey Open"]
[Site "Guernsey"]
[Date "2010.10.23"]
[Round "7"]
[White "Jouault, Louis"]
[Black "Knight, Tim R"]
[Result "1/2-1/2"]
[WhiteElo "1984"]
[BlackElo "1650"]
[PlyCount "24"]
[EventDate "2010.10.17"]
[SourceDate "2010.10.30"]

1. e4 c5 2. Nf3 e6 3. d4 cxd4 4. Nxd4 Qb6 5. Nb5 Bc5 6. Qd2 a6 7. N5c3 Nc6 8.
Na4 Qa7 9. Nxc5 Qxc5 10. Bd3 Nf6 11. O-O O-O 12. Qe3 Qxe3 1/2-1/2

[Event "Guernsey Open"]
[Site "Guernsey"]
[Date "2010.10.23"]
[Round "7"]
[White "Van Randen, Fred"]
[Black "Gibson, John"]
[Result "1-0"]
[WhiteElo "1951"]
[BlackElo "1873"]
[PlyCount "83"]
[EventDate "2010.10.17"]
[SourceDate "2010.10.30"]

1. e4 e6 2. d4 d5 3. Nc3 Bb4 4. Nge2 Nc6 5. Be3 Nge7 6. a3 Ba5 7. b4 Bb6 8. e5
O-O 9. Ng3 Qe8 10. Na4 Bd7 11. Nc5 Bxc5 12. bxc5 b6 13. cxb6 axb6 14. Bd3 f6
15. exf6 Rxf6 16. O-O e5 17. dxe5 Nxe5 18. Bg5 Rf7 19. Re1 Nxd3 20. Qxd3 Ra5
21. Re5 Qf8 22. Bxe7 Rxe7 23. Rxd5 Rxd5 24. Qxd5+ Be6 25. Qd2 Rd7 26. Qe3 Re7
27. Re1 Qf6 28. Ne4 Qg6 29. Ng5 h6 30. Nxe6 Qxc2 31. Nd4 Rxe3 32. Nxc2 Rc3 33.
Re2 Kf7 34. Kf1 c5 35. Ke1 c4 36. Kd2 Rd3+ 37. Kc1 c3 38. Nb4 Rd7 39. Kc2 Ra7
40. Kb3 Rc7 41. Nd5 c2 42. Rxc2 1-0

[Event "Guernsey Open"]
[Site "Guernsey"]
[Date "2010.10.23"]
[Round "7"]
[White "Brookfield, Toby"]
[Black "Warmerdam, Robert"]
[Result "1-0"]
[WhiteElo "1782"]
[BlackElo "1789"]
[PlyCount "33"]
[EventDate "2010.10.17"]
[SourceDate "2010.10.30"]

1. e4 c5 2. Nf3 e6 3. d4 cxd4 4. Nxd4 a6 5. c4 Nf6 6. Bd3 Qc7 7. O-O Nc6 8. Be3
Ne5 9. Qe2 Neg4 10. Nf3 Nxe3 11. Qxe3 d6 12. Nc3 Be7 13. h3 O-O 14. Rac1 Bd7
15. Rfd1 Qc5 16. Qxc5 dxc5 17. e5 1-0

[Event "Guernsey Open"]
[Site "Guernsey"]
[Date "2010.10.23"]
[Round "7"]
[White "Bridel, Jon"]
[Black "Williams, Peter D"]
[Result "1-0"]
[WhiteElo "1653"]
[BlackElo "1866"]
[PlyCount "49"]
[EventDate "2010.10.17"]
[SourceDate "2010.10.30"]

1. b3 Nf6 2. Bb2 g6 3. c4 Bg7 4. Nf3 c5 5. e3 O-O 6. Qc2 Nc6 7. a3 Qb6 8. d3 d6
9. h3 Ne8 10. Bxg7 Nxg7 11. Be2 Bd7 12. O-O e6 13. Nbd2 Rad8 14. Qc3 Ne8 15.
Rab1 a5 16. Ne1 f5 17. Nc2 e5 18. b4 axb4 19. axb4 cxb4 20. Nxb4 Nxb4 21. Rxb4
Qc7 22. Rfb1 Bc6 23. Bf3 Bxf3 24. Nxf3 Rb8 25. Qb3 1-0

[Event "Guernsey Open"]
[Site "Guernsey"]
[Date "2010.10.23"]
[Round "7"]
[White "Guttridge, David"]
[Black "Nicholson, John"]
[Result "1-0"]
[WhiteElo "1904"]
[BlackElo "1863"]
[PlyCount "46"]
[EventDate "2010.10.17"]
[SourceDate "2010.10.30"]

1. d4 d5 2. Nf3 Nf6 3. e3 c6 4. Bd3 Bg4 5. Nbd2 Nbd7 6. h3 Bh5 7. g4 Bg6 8. Be2
e6 9. Nh4 Bd6 10. Bf3 e5 11. Nf1 e4 12. Bg2 Qc7 13. Nxg6 hxg6 14. f4 O-O-O 15.
Qe2 Kb8 16. Bd2 Nb6 17. Ba5 c5 18. c3 Nfd7 19. Nd2 c4 20. O-O Rh4 21. b3 cxb3
22. axb3 Rdh8 23. c4 Nf6 1-0